Statistics for Disney Songs

Click here to take the quiz!

General Stats

  • This quiz has been taken 64 times
  • The average score is 14 of 16

Answer Stats

Song TitleAnswer% Correct
Be Our GuestBeauty and the Beast
100%
Love is an Open DoorFrozen
100%
The Bare NecessitiesJungle Book
100%
Hakuna MatataLion King
100%
You're WelcomeMoana
98%
Colors of the WindPocahontas
96%
Friend Like MeAladdin
92%
A Dream is a Wish Your Heart MakesCinderella
92%
Poor Unfortunate SoulsLittle Mermaid
92%
ReflectionMulan
92%
When Will My Life Begin?Tangled
88%
Almost TherePrincess and the Frog
84%
You'll Be In My HeartTarzan
84%
Try EverythingZootopia
80%
I'm WishingSnow White
73%
I WonderSleeping Beauty
59%

Score Distribution

Percentile by Number Answered

Percent of People with Each Score

Your Score History

You have not taken this quiz